<?xml version="1.0" encoding="UTF-8"?>
<record
    xmlns:xsi="http://www.w3.org/2001/XMLSchema-instance"
    xsi:schemaLocation="http://www.loc.gov/MARC21/slim http://www.loc.gov/standards/marcxml/schema/MARC21slim.xsd"
    xmlns="http://www.loc.gov/MARC21/slim">

  <leader>01605nam a22001337a 4500</leader>
  <datafield tag="999" ind1=" " ind2=" ">
    <subfield code="c">533065</subfield>
    <subfield code="d">533065</subfield>
  </datafield>
  <controlfield tag="008">260421b           ||||| |||| 00| 0 eng d</controlfield>
  <datafield tag="100" ind1=" " ind2=" ">
    <subfield code="a">Martinez, Hope </subfield>
    <subfield code="9">60135</subfield>
  </datafield>
  <datafield tag="245" ind1=" " ind2=" ">
    <subfield code="a"> Among the bodies of our children: Using Amici Briefs to analyze state motivation in indigenous law cases</subfield>
  </datafield>
  <datafield tag="260" ind1=" " ind2=" ">
    <subfield code="a">Political Research Quarterly </subfield>
  </datafield>
  <datafield tag="300" ind1=" " ind2=" ">
    <subfield code="a">78(4), Dec, 2025: p.1530-1543</subfield>
  </datafield>
  <datafield tag="520" ind1=" " ind2=" ">
    <subfield code="a">After the US Supreme Court decision to uphold the Indian Child Welfare Act, I ask the question: Do states use amici briefs to advance state rights and limit Native sovereignty in Indigenous cases, and if so, how? My State Imposition Theory suggests that state amici briefs submitted to the Court in Indian law cases aim to restrict Native sovereignty and advance state control over tribal lands, people, and resources. States view Native sovereignty as a threat to state sovereignty and impose their beliefs onto Indian law cases. Using a logit model followed by a structural topic model, I find state amici are the least likely to support the Native interest and consist of topics related to the advancement of state rights and limitation of Indigenous sovereignty. My findings contribute to Indigenous and judicial politics scholarship by providing a new approach to understanding the co-related topics of judicial behavior and colonialism.-Reproduced 


https://journals.sagepub.com/doi/full/10.1177/10659129251371577?_gl=1*pkjy8z*_up*MQ..*_ga*MjMzNjk2NTEzLjE3NzY3NTE
3ODE.*_ga_60R758KFDG*czE3NzY3NTE3ODAkbzEkZzEkdDE3NzY3NTE4MDQkajM2JGwwJGgyNTQ0NDIwNjg.</subfield>
  </datafield>
  <datafield tag="773" ind1=" " ind2=" ">
    <subfield code="a">Political Research Quarterly </subfield>
  </datafield>
  <datafield tag="942" ind1=" " ind2=" ">
    <subfield code="c">AR</subfield>
  </datafield>
  <datafield tag="952" ind1=" " ind2=" ">
    <subfield code="0">0</subfield>
    <subfield code="1">0</subfield>
    <subfield code="2">ddc</subfield>
    <subfield code="4">0</subfield>
    <subfield code="7">0</subfield>
    <subfield code="9">408236</subfield>
    <subfield code="a">IIPA</subfield>
    <subfield code="b">IIPA</subfield>
    <subfield code="d">2026-04-21</subfield>
    <subfield code="h">78(4), Dec, 2025: p.1530-1543</subfield>
    <subfield code="p">AR138577</subfield>
    <subfield code="r">2026-04-21</subfield>
    <subfield code="y">AR</subfield>
  </datafield>
</record>
